[Event "FRA-ch"]
[Site "Meribel"]
[Date "1998.08.24"]
[Round "11"]
[White "Vaisser, Anatoli"]
[Black "Guigonis, Dominique"]
[Result "1-0"]
[WhiteElo "2575"]
[BlackElo "2315"]
[Annotator "Tsesarsky,I"]
[PlyCount "100"]
[EventDate "1998.08.14"]
[EventType "tourn"]
[EventRounds "15"]
[EventCountry "FRA"]
[EventCategory "10"]
[SourceTitle "CBM 067"]
[Source "ChessBase"]
[SourceDate "1998.11.30"]
[SourceVersion "2"]
[SourceVersionDate "1998.11.01"]
[SourceQuality "1"]

{[%mdl 20496]} 1. d4 d5 2. c4 e6 3. Nc3 Nf6 4. cxd5 exd5 5. Bg5 c6 6. e3 Bf5 7.
Qf3 Bg6 8. Bxf6 Qxf6 9. Qxf6 gxf6 10. Nf3 (10. h4 Nd7 (10... h5 11. g3 $5 (11.
Nh3 Bd6 (11... Nd7 12. Nf4 Bd6 13. g3 Nb6 $5 (13... Bxf4 $6 14. gxf4 Bf5 15. f3
Rd8 16. Kf2 Nb6 17. Be2 $14 {Drasko,M-Bellini,F/Montecatini Terme /1995 (18)})
14. f3 Kd7 15. Kf2 $11) 12. g3 (12. Be2 Nd7 13. Rc1 Nb6 14. g3 Kd7 $10 (14...
Nc4 $5 15. Bxc4 dxc4 16. Nf4 $14 {1/2-1/2 Sokolov,I-Dautov,R/Nussloch 1996/CBM
53/[Dautov] (61)})) 12... Nd7 13. Nf4 Nb6 $11) 11... Bd6 12. Nge2 Nd7 13. Bh3
Nb6 14. O-O-O Kd8 $11 {[%cal Gd8c7]} (14... Nc4 15. Rde1 $132 {Drasko,
M-Pedersen,H/Copenhagen op/1989/ (19)})) 11. h5 Bf5 12. O-O-O (12. Nf3 Rg8 13.
Be2 Bd6 $11) 12... O-O-O 13. Nf3 Bg4 $11 {1-0 Volkov,S-Kharlov,A/ch-RUS, St
Petersburg RUS 1998 (58)}) (10. Kd2 Bd6 11. Bd3 Nd7 (11... Bxd3 12. Kxd3 Nd7
$132) 12. f4 (12. h4) 12... Bxd3 13. Kxd3 Rg8 14. g3 Ke7 15. Nf3 $132) (10. Rd1
Bd6 $132) 10... Nd7 (10... Be7 11. Nh4 f5 12. Nf3 (12. g3 Bxh4 13. gxh4 f4 14.
exf4 (14. Bh3 $2 fxe3 15. fxe3 Nd7 {0-1 Ryskin,A-Balashov,Y/Pinsk 1993 (50)})
14... Nd7 15. Kd2 $14) 12... Nd7 13. g3 Nf6 14. h4 Bh5 15. Nd2 Rg8 16. a3 Ne4
17. Bh3 Bg4 (17... Nxd2 18. Kxd2 Bf3 19. Rhb1 Bg4 20. Bf1 Bf6 21. Bd3 f4 22.
gxf4 $14 {1-0 Giorgadze,T-Glienke,M/Hannover 1983 (43)}) 18. Bg2 Bf6 $11) 11.
Nh4 (11. Be2 Nb6 (11... f5 12. O-O Nf6 13. a3 Ne4 14. Rfc1 Bh6 15. g3 Ke7 16.
b4 a6 17. a4 Kd6 18. Ne5 f6 19. Nd3 $14 {1-0 Zilberman,Y-Kaldor,A/Petach-Tikva
Magen mem. 1996 (38)}) (11... Be7 12. Rc1 Rd8 13. O-O h5 14. Na4 b5 15. Nc5
Nxc5 16. dxc5 Kd7 17. Nd4 f5 18. b4 {1-0 Koch,B-Paroulek,V/cr FS-Ol/3 1960 (61)
}) 12. Nd2 Bf5 (12... Kd7 13. h4 h5 14. Rc1 $132 (14. e4 $2 dxe4 15. Ndxe4 Kc7
16. O-O Rd8 17. Rfd1 Bg7 $15 {1/2-1/2 Dao Thien Hai-Nielsen,P/Budapest ExpFS
FebGM 1993 (61)})) 13. O-O Be7 14. Rfe1 a5 15. Rac1 O-O 16. g4 Be6 17. f4 f5
18. g5 a4 $132 {1/2-1/2 Flear,G-Ruban,V/EUCup Gr1 Eupen 1994 (46)}) (11. h4 h5
12. Kd2 Bd6 13. Ne1 Nf8 14. Nd3 $132 {0-1 Granath,S-Hunt,H/WchJW-U16 Szeged
1994 (38)}) (11. Kd2 Nb6 12. b3 a5 13. Bd3 Bb4 14. a3 Bxc3+ 15. Kxc3 a4 $132 {
1/2-1/2 Zilberman,Y-Bruk,O/ISR-ch Jerusalem 1996 (33)}) (11. g3 Nb6 12. Nd2 Bd6
13. Bg2 O-O 14. O-O Rfe8 $11 {1-0 Ivanov Igor V-Mikhalchishin Adrian/Ch URS
liga), Ashkhabad (Turkmenistan) 1978 (68)}) 11... Bb4 $6 (11... Be7 12. g3 Nb6
13. f4 (13. O-O-O f5 14. Ng2 h5 15. Bd3 Nc8 16. Ne2 Nd6 17. Nh4 O-O-O (17...
Bxh4 18. gxh4 Ne4 19. Rdf1 Ke7 20. Nf4 Rhg8 21. Rhg1 $14) 18. Nf4 Rdg8 (18...
Bxh4 19. gxh4 $14) 19. Kd2 $14 {1-0 Averbakh,Y-Damjanovic,M/Rijeka YUG-URS
1963 (51)}) (13. Rd1 Bb4 14. a3 Bxc3+ 15. bxc3 Na4 16. Kd2 b5 (16... Ke7 17. c4
dxc4 18. Bxc4 $14) 17. f3 O-O 18. g4 $14 {1-0 Piket,J-Van der Sterren,P/Wijk
aan Zee 1998/CBM 63/[Tsesarsky] (34)}) (13. f3 O-O-O (13... O-O $6 14. Kf2 Rfe8
15. Rd1 (15. Ng2 $14) 15... Nc8 (15... Bd6 16. Ng2 $14) 16. Ng2 Nd6 17. h4 h5
18. Nf4 $14 {1-0 Milov,V-Pigusov,E/New York 1998/CBM 64/[Tsesarsky] (66)}) 14.
Bh3+ Kc7 15. Nf5 Rhe8 16. Kf2 $132) 13... f5 14. Bd3 Bxh4 15. gxh4 Ke7 16. Ne2
Ke6 17. Ng3 h6 18. b4 a6 19. Kd2 Nc8 20. a4 Nd6 21. h5 Bh7 22. Rhc1 Rhg8 $132 {
1/2-1/2 Van der Sterren,P-Piket,J/Amsterdam OHRA-B 1988/CBM 09 (62)}) (11...
Bd6 $5 $11) 12. a3 Bxc3+ $6 $14 (12... Bd6 $1) 13. bxc3 b5 $6 (13... Rc8 14. g3
(14. c4 c5 15. cxd5 cxd4 16. exd4 Nb6 $132) 14... c5 15. Bh3 Ke7 16. Kd2 $14)
14. a4 bxa4 15. Ba6 $6 $132 (15. Rxa4 a5 16. Kd2 Nb6 17. Ra3 Kd7 18. Be2 Rhb8
19. Rha1 a4 20. Kc1 Rb7 (20... Kd6 21. Nf3 (21. Bd1 Nc4 22. Rxa4 Rxa4 23. Bxa4
$16 (23. Rxa4 Rb1#)) 21... Rb7 22. Nd2 $14) 21. Bd1 Rba7 22. Nf3 $14) 15... Rb8
16. Nxg6 hxg6 17. O-O Rb2 (17... Nb6 18. Rfc1 (18. Rfb1 Ke7 $44) 18... Kd7 19.
c4 dxc4 20. Bxc4 Ke7 21. Be2 Rhc8 22. Bd1 Kd6 23. Kf1 $14) 18. Rxa4 Ke7 19.
Rfa1 Nb6 20. R4a2 Rxa2 21. Rxa2 Rb8 (21... Kd6 22. Bd3 Ra8 23. Ra5 $14) 22. h4
f5 23. f3 Kd6 24. Kf2 Kc7 $5 (24... c5 $5 $132) 25. g4 $5 (25. Kg3 Rh8 26. Ra1
Kd6 27. Rh1 Na4 $132) 25... fxg4 26. fxg4 Kd6 $6 (26... Nd7 27. Be2 Ra8 28. h5
(28. Ra6 Kb7 29. h5 Nf6 30. Ra1 Ne4+ 31. Kf3 gxh5 32. gxh5 Nxc3 33. Bd3 Rh8 $11
) 28... Nf6 29. Bf3 gxh5 30. gxh5 a5 $132) 27. Bd3 Rb7 $2 $16 (27... Ra8 28. h5
gxh5 29. gxh5 a5 30. h6 a4 31. h7 Rh8 32. Bf5 c5 $14) 28. h5 gxh5 (28... f5 29.
h6 Rh7 (29... fxg4 30. Bxg6 $18) 30. g5 $16) 29. gxh5 Ke6 $2 $18 (29... f5 30.
Kf3 (30. Bxf5 Rf7 $19) 30... Rh7 31. Rh2 Rh6 32. Bxf5 a5 33. Kf4 $16) 30. Kf3
Nc8 31. h6 Ne7 (31... f5 32. Ba6 Rb8 33. Bxc8+ Rxc8 34. Rxa7 Kf6 35. h7 $18)
32. h7 Rb8 33. Rxa7 f5 34. Ra1 $1 (34. c4 Kf6 35. cxd5 cxd5 36. Ra6+ Kg5 (36...
Kf7 37. Kf4 $18) 37. Re6 Ng6 38. Rd6 Rh8 39. Rxd5 Ne7 40. Re5 Rxh7 41. Bxf5
Nxf5 42. e4 Rh3+ 43. Kf2 Kf4 44. exf5 Rd3 45. Rd5 Rf3+ 46. Ke2 Ke4 47. Re5+
Kxd4 48. Ra5 Re3+ 49. Kf2 Re5 50. Ra4+ Kd5 $11) (34. Kf4 Kf6 35. Ra6 (35. Rxe7
$2 Kxe7 36. Ke5 Kf7 (36... Rh8 37. Bxf5 Re8 38. Be6 Rh8 39. Bg8 $18) 37. Bxf5
Kg7 38. Kd6 Rb3 39. Kxc6 Rxc3+ 40. Kxd5 Rxe3 $11) 35... Ng6+ 36. Kf3 Ne7 $16)
34... Rh8 35. Rh1 Kf6 36. c4 Kg6 (36... dxc4 37. Bxc4 Kg6 38. Bg8 Nxg8 (38...
Kg7 39. Kf4 Kf6 40. Rg1 Ng6+ 41. Rxg6+ Kxg6 42. Ke5 Kg5 43. Kd6 Kg4 44. Kxc6
$18) 39. hxg8=Q+ Rxg8 40. Rg1+ Kf7 41. Rxg8 Kxg8 42. Kf4 $18) 37. c5 Rxh7 38.
Rxh7 Kxh7 39. Kf4 Kg6 40. Ke5 Kg7 41. Ke6 Kf8 42. Bc2 (42. Bxf5 $4 Nxf5 43.
Kxf5 Kf7 44. e4 dxe4 45. Kxe4 Ke6 $11 (45... Ke8 $11)) (42. Kd6 Kf7 43. Bc2 Kf6
44. Ba4 f4 45. exf4 Nf5+ 46. Kxc6 Ke6 47. Kc7 Nxd4 48. Bd7+ Ke7 49. c6 $18)
42... Ke8 43. Kd6 Kf7 44. Ba4 f4 45. exf4 Kf6 46. Bxc6 Nf5+ 47. Kxd5 Ne7+ 48.
Kd6 Nf5+ 49. Kc7 Nxd4 50. Bd7 Ne2 1-0

[Event "FRA-ch"]
[Site "Meribel"]
[Date "1998.08.25"]
[Round "12"]
[White "Dorfman, Josif D"]
[Black "Marciano, David"]
[Result "1/2-1/2"]
[WhiteElo "2585"]
[BlackElo "2525"]
[Annotator "Tsesarsky,I"]
[PlyCount "25"]
[EventDate "1998.08.14"]
[EventType "tourn"]
[EventRounds "15"]
[EventCountry "FRA"]
[EventCategory "10"]
[SourceTitle "CBM 067"]
[Source "ChessBase"]
[SourceDate "1998.11.30"]
[SourceVersion "2"]
[SourceVersionDate "1998.11.01"]
[SourceQuality "1"]

{[%mdl 4]} 1. d4 d5 2. c4 e6 3. Nc3 Be7 4. cxd5 exd5 5. Bf4 Nf6 6. e3 Bf5 7.
Qb3 Nc6 8. Qxb7 Nb4 9. Bb5+ Kf8 10. Kd2 (10. Rd1 $6 Bd6 $1 (10... a6 11. Ba4
Nd3+ 12. Rxd3 Bxd3 13. Bxc7 Qc8 14. Qxc8+ Rxc8 15. Ba5 $14 {Salov}) 11. Bxd6+
cxd6 12. Nf3 (12. a3 Rb8 13. Qxa7 Ra8 $11 {The R not on a1!}) 12... Rb8 13.
Qxa7 Ra8 14. Qb7 Rb8 $11) 10... Ne4+ $8 (10... a6 $2 11. Ba4 Nd3 (11... c5 12.
Bc7 (12. Nf3 Rc8 13. Be5 (13. Rhd1 Nd3 14. Bc2 cxd4 15. Nxd4 Rxc3 16. bxc3 Ne4+
17. Ke2 Nxf4+ 18. exf4 Nxc3+ 19. Kf1 Bc8 20. Qc6 Nxd1 21. Rxd1 g6 22. Bb3 $14)
13... Ne4+ 14. Ke2 $16) 12... Qc8 13. Qxc8+ Rxc8 14. Bb6 c4 15. Ba5 Rb8 16.
Bxb4 Bxb4 17. f3 Ba5 18. Kc1 $14 {1-0 Olafsson,H-Thorsteins,K/Akureyri 1988/
CBM 08 (28)}) 12. Bxc7 Qc8 13. Qxc8+ Rxc8 14. Ba5 Nxb2 (14... Nxf2 15. Rf1
N6e4+ (15... Nxh1 16. Rxf5 Rb8 17. Bb3 Bd6 18. g3 Ke7 19. Nh3 h5 20. Ng5 (20.
Rf1 Nxg3 21. hxg3 Bxg3 $14) 20... Rxb3 (20... h4 21. Nxd5+ Nxd5 22. Rxf7+ Ke8
23. Bxd5 $18) 21. axb3 h4 22. Nxd5+ Nxd5 23. Nxf7 $1 Ke6 24. g4 Rb8 25. Ng5+
$16) 16. Nxe4 Nxe4+ 17. Ke2 Nd6 18. Nf3 g6 19. Ne5 f6 20. g4 Be6 21. Rhg1 Ne4
22. g5 Kg7 23. gxf6+ Bxf6 $16 {1/2-1/2 Salov,V-Timoshchenko,G/URS-FL Irkutsk
1986/Inf 42 (66)}) 15. Bb3 Ba3 (15... Nc4+ 16. Bxc4 dxc4 $16) 16. f3 (16. Nge2
Nc4+ 17. Bxc4 Rxc4 18. f3 Bb2 (18... h5 19. Bd8 $1 $16) 19. Rad1 Ke7 20. g4 Be6
(20... Bg6 21. g5 $18) 21. Rb1 Bxc3+ 22. Nxc3 $16) 16... h5 17. Nge2 Ke7 18.
Nf4 Nc4+ 19. Bxc4 Rxc4 (19... dxc4 20. e4 $18) 20. Nfxd5+ $18 {1-0 Karolyi,
T-Dutreeuw,M/London Haringey 1989/CBM 14 (41)}) (10... Bd6 $2 11. Bxd6+ cxd6
12. Be8 (12. a3 Rb8 13. Qxa7 Ra8 14. axb4 (14. Qb7 Rb8 $11) 14... Rxa7 15. Rxa7
Qb8 16. Ra5 Ne4+ 17. Nxe4 dxe4 18. Ne2 $16) 12... Kxe8 13. Qxb4 Rb8 14. Qa3 Qb6
15. b3 $16 {1-0 Volzhin,A-Koniushkov,I/St.Petersburg op 1995/EXP 46 (54)}) 11.
Nxe4 (11. Ke2 Qb8 $1 (11... Nd6 12. Bxd6 Bxd6 $44) 12. Qxb8+ Rxb8 13. Nxe4 (13.
a4 a6 14. Nxe4 Bxe4 15. f3 Bg6 16. Bd7 Nd3 $15) 13... Bxe4 14. f3 Rxb5 15. fxe4
dxe4 16. Nh3 Nd3 17. b3 $132) 11... Bxe4 12. f3 (12. Bxc7 $1 $14 {Analyse} Qc8
13. Qxc8+ Rxc8 14. f3 Rxc7 15. fxe4 dxe4 (15... Rc2+ $5 16. Kd1 Rxb2 17. a3 (
17. Rc1) 17... Na2 (17... Nc2 18. Kc1 Rxb5 19. Kxc2 dxe4 20. Ne2 $11) 18. Ne2
Bxa3 $1 (18... Rxb5 19. Kc2 (19. Rxa2 Rb1+ 20. Nc1 dxe4 $11) 19... dxe4 20.
Rxa2 $11) 19. Bc6 (19. exd5 Rxb5 $1 20. Rxa2 Rb1+ 21. Kc2 Rxh1 22. Rxa3 Rxh2
23. Rxa7 g5 $15) 19... Ke7 20. Bxd5 Rc8 21. Rxa2 (21. Bxa2 Bb4 (21... Rcc2 22.
Bc4 Rxc4 23. Rxa3 Rb1+ 24. Kd2 Rxh1 25. Rxa7+ Ke8 26. h3 $44) 22. Bb3 Rxb3 23.
Rxa7+ Ke8 24. Ng3 Rb2 25. Nf1 Rxg2 $17) 21... Rb1+ 22. Kd2 Bb4+ 23. Kd3 Rxh1
24. Rxa7+ $14) 16. a3 $1 (16. Ba4 Nd3 17. Nh3 Nxb2 $132) 16... Nd5 17. Nh3 Bd6
(17... g5 $2 18. Rhf1 $1 (18. Ba4 $2 g4 19. Nf2 (19. Nf4 Nxf4 20. exf4 Rc4 $10)
19... f5 20. Rac1 (20. Bb3 Nxe3 21. Kxe3 Rb7 22. Be6 (22. Bc2 Bg5+ 23. Ke2 Rxb2
24. Rhc1 (24. Kd1 e3 $17) 24... Ke7 25. Nd1 Bxc1 26. Rxc1 Ra2 27. Ne3 Ke6 $132)
22... Bg5+ 23. Ke2 Ke7 (23... Rxb2+ 24. Ke1 Bd2+ 25. Kf1 $1 Ke7 26. Nd1 $14)
24. Bxf5 $11 {1/2-1/2 Thorsteins,K-Zaitsev,I/Moscow-B 1988/Inf 46 (26)} (24. d5
Rxb2+ 25. Kf1 Rhb8 26. g3 R8b3 27. Re1 Rxa3 $15)) 20... Bd6 21. Bb3 Nb6 22.
Rxc7 Bxc7 23. Rc1 Bd6 24. Nh1 (24. Be6 $2 Ke7 $10) 24... Bxh2 (24... Ke7 25.
Ng3 Rf8 26. Rf1 Bxg3 (26... f4 27. exf4 Bxf4+ 28. Ke2 Bxg3 29. Rxf8 Kxf8 30.
hxg3 $18) 27. hxg3 $16) 25. Rf1 f4 26. exf4 Ke7 27. Ke3 $18) (18. Rhc1 Rb7 19.
a4 (19. Rc8+ Kg7 20. Rxh8 Kxh8 (20... Rxb5 21. Rc8 Rxb2+ 22. Rc2 Rxc2+ 23. Kxc2
Nxe3+ 24. Kb3 $16) 21. Bc6 Rxb2+ 22. Kc1 Rxg2 23. Bxd5 Rxh2 24. Ng1 Rg2 $15)
19... a6 20. Rc8+ Kg7 21. Rxh8 Kxh8 22. Bc6 Rxb2+ 23. Kc1 Rxg2 24. Bxd5 Rxh2
25. Ng1 Rg2 26. Nh3 Re2 (26... Rh2 $11) 27. Rb1 Rxe3 $15) 18... Kg7 (18... Rb7
19. Bc6 Rxb2+ 20. Kc1 $18) 19. b3 $1 h6 20. Bc4 $16) 18. Rac1 Ke7 19. Bc6 Nf6
20. Nf2 Rb8 21. b4 a5 22. Bxe4 Rxc1 23. Kxc1 axb4 24. axb4 Rxb4 25. Bf3 $14)
12... Rb8 13. Qxc7 (13. Qxc7 Qxc7 14. Bxc7 Rxb5 15. fxe4 dxe4 $44) 1/2-1/2

[Event "RUS-ch51"]
[Site "St Petersburg"]
[Date "1998.08.07"]
[Round "11"]
[White "Tregubov, Pavel V"]
[Black "Smagin, Sergey"]
[Result "1-0"]
[WhiteElo "2535"]
[BlackElo "2575"]
[Annotator "Tsesarsky,I"]
[PlyCount "155"]
[EventDate "1998.07.28"]
[EventType "swiss"]
[EventRounds "11"]
[EventCountry "RUS"]
[SourceTitle "CBM 067"]
[Source "ChessBase"]
[SourceDate "1998.11.30"]
[SourceVersion "2"]
[SourceVersionDate "1998.11.01"]
[SourceQuality "1"]

{[%mdl 28672]} 1. Nf3 d5 2. d4 Nf6 3. c4 e6 4. Nc3 Nbd7 5. cxd5 exd5 6. Bf4 c6
7. Qc2 Nh5 (7... Nb6 8. e3 Bg4 9. Ne5 Bh5 10. Bd3 (10. h3 Bg6 (10... Bd6 11.
Qb3 (11. g4 Bg6 12. Qb3 (12. Nxg6 hxg6 13. Bxd6 Qxd6 14. Bg2 $132) 12... Qe7
13. Be2 Nfd7 $10 {1/2-1/2 Georgiev,K-Smagin,S/Jugoslavija 1995 (43)}) 11... Qe7
12. Nd3 Bxf4 13. Nxf4 Bg6 14. Be2 $132 {0-1 Gavrilov,A-Smagin,S/Novgorod op
1995 (33)}) 11. Qb3 (11. Bd3 Bxd3 12. Nxd3 Be7 13. O-O O-O $10) 11... a5 12. a3
a4 13. Qd1 Bf5 $11 (13... Bd6 $5 $132) (13... Ne4 14. Be2 Nd6 $132 (14... Bd6
$6 15. Nxg6 hxg6 16. Nxe4 dxe4 17. Qc2 $14 {Georgiev,K-Piket,J/Moscow olm
BUL-NED 1994/1-0 (76)}))) 10... Bd6 (10... Bg6 11. Nxg6 $14 (11. Bxg6 hxg6 $11
{Budde,V-Smagin,S/Eupen op act 1994/0-1 (47)})) 11. f3 Bg6 12. g4 (12. Nxg6
hxg6 13. O-O Qe7 14. Rfe1 $132) 12... Bxd3 13. Qxd3 Qe7 {1/2-1/2 Dorfman,
J-Rausis,I/Enghien Les Bains 1997/CBM 58/[Tsesarsky] (13)}) 8. Bg5 (8. g3 $5
Be7 9. h4 Nxf4 10. gxf4 Nf6 11. O-O-O g6 12. e3 {1/2-1/2 Bareev,E-Kramnik,V/
Biel izt 1993/CBM 37 (12)}) (8. Bg3 g6 $5 (8... Be7 9. e3 Nxg3 10. hxg3 Nf6 11.
Bd3 h6 12. O-O-O Be6 $132 {1/2-1/2 Piket,J-Timman,J/Wijk (A2.3) 1995/CBM 45 
(102)}) 9. e3 Nxg3 10. hxg3 Bd6 11. Bd3 Nf6 12. O-O-O $132 {0-1 Piket,
J-Seirawan,Y/Amsterdam 1995/Inf 64/[Seirawan,Y] (38)}) (8. Bd2 Bd6 (8... Nb6 9.
O-O-O (9. e4 dxe4 10. Nxe4 Be7 $10 {1/2-1/2 Bareev,E-Short,N/Linares 1992/Inf
54/[Bareev,E] (41)} (10... Nd5 $5 11. Bc4 $11)) 9... Be7 10. Ne5 Be6 11. e3 Nf6
12. Bd3 Ng4 13. Be1 Bd6 $11 {1/2-1/2 Rustemov,A-Kiriakov,P/ch-RUS KO, Elista
RUS 1997 (42)}) 9. e4 dxe4 10. Nxe4 Ndf6 11. Nxd6+ Qxd6 12. Bc4 O-O 13. O-O Be6
$11 {Portisch,L-Yusupov,A/Reykjavik 1988/Inf 46 (17)}) 8... Be7 9. Bxe7 Qxe7
10. e3 (10. g3 $5 Nb6 11. Bg2 g6 12. O-O Bf5 13. Qc1 O-O 14. Re1 Rad8 15. b3
$14 {1-0 Miles,A-Byrne,R/Reykjavik 1986/Inf 41/[Miles,A] (69)}) 10... Nb6 11.
Ne5 g6 (11... f6 12. Nd3 (12. Be2 fxe5 13. Bxh5+ g6 14. Be2 Bf5 $11) 12... g6 (
12... Bf5 13. Be2 g6 14. Bxh5 gxh5 15. Qd1 $14) 13. Be2 Ng7 14. O-O $14) 12.
Be2 Bf5 13. Qb3 (13. Qd2 f6 14. Nf3 Ng7 15. O-O $14) 13... f6 14. Nf3 Ng7 15.
O-O $14 Nc8 (15... O-O 16. a3 $14 (16. a4 $6 Nc8 17. a5 a6 18. Na4 Nd6 $132))
16. Rfe1 Nd6 17. Nd2 Be6 (17... O-O 18. Qa3 $5 $14) 18. Qa3 Kf7 (18... Ngf5 19.
Rac1 $14) 19. b4 b5 (19... a6 20. Qb3 Rhe8 21. a4 $14) 20. e4 (20. Nb3 Nc4 21.
Bxc4 bxc4 22. Nc5 $14) 20... dxe4 21. Ndxe4 (21. Ncxe4 Nxe4 22. Nxe4 a5 23. Nc5
axb4 24. Qxb4 Rhd8 25. a4 (25. Bf3 Ra4 26. Qb2 Raxd4 $11) 25... Rxa4 (25... Nf5
26. Bc4 $1 bxc4 27. Rxe6 Qa7 28. Qxc4 Rxd4 29. Qc3 Rad8 30. Rae1 R8d6 31. Re8
Rd8 32. Rxd8 Rxd8 33. Qb3+ Rd5 34. Ne6 Re5 (34... Rd2 35. Nd4+ Kg7 (35... Kf8
36. Qb4+ $18) 36. Nxf5+ gxf5 37. Qg3+ $18) 35. Rxe5 fxe5 36. Nd8+ Kg7 37. Nxc6
$16) 26. Rxa4 bxa4 27. Bc4 Rd6 28. Qxa4 $18) 21... a5 22. Nc5 (22. bxa5 Nxe4 (
22... Rhd8 23. Nc5 Nb7 24. Rad1 Rxa5 25. Qb4 Raa8 26. Bf3 Nxc5 27. dxc5 Rxd1
28. Rxd1 $14) 23. Qxe7+ Kxe7 24. Nxe4 Rhd8 25. Nc5 Rxd4 26. Bf3 Kd6 $11) 22...
axb4 (22... Nb7 23. Bf3 Nxc5 24. dxc5 (24. bxc5 b4 $17) 24... Qc7 25. Ne4 $14)
(22... Ndf5 23. Rad1 Qd6 24. N3e4 Qd5 25. bxa5 $16) 23. Qxb4 Nb7 24. Bf3 Nxc5 (
24... Rhc8 25. a4 Nxc5 26. dxc5 bxa4 27. Nxa4 $14) 25. dxc5 Ra6 $6 (25... Rhc8
26. a4 $14) 26. a4 bxa4 $6 $16 (26... Qa7 $1 27. Ne4 Ra8 28. Nd6+ Kg8 29. Rxe6
Nxe6 30. Qb3 Qd7 31. Re1 bxa4 32. Qc4 a3 33. Rxe6 Kh8 $1 (33... Kg7 34. Rxf6 $1
Kxf6 35. Qd4+ Ke7 36. Bg4 Qxg4 37. Qxg4 a2 38. Qh4+ $8 Ke6 (38... Kd7 39. Qxh7+
Ke6 40. Qf7+ Ke5 41. f4+ Kd4 42. Qc4+ Ke3 43. Qc3+ Ke2 44. Qf3+ Kd2 45. Ne4+
Kc2 46. Qc3+ Kb1 47. Nd2# $3) 39. Qc4+ Kf6 40. Qf7+ Kg5 (40... Ke5 41. f4+ $18)
41. f4+ Kh6 42. Nf5+ Kh5 43. Kf2 Ra3 (43... a1=Q 44. g4+ Kxg4 45. Ne3+ Kh3 46.
Qxh7#) 44. Qe7 $18) 34. Rxf6 (34. Re1 a2 35. Ra1 Qe7 36. h3 $14) (34. Qa2 Rf8
35. Re3 Qa7 36. Be2 Ra4 (36... Ra5 37. Nc4 Rxc5 38. Rxa3 Qf7 39. Ra7 Qe6 40.
Bf1 $14) 37. Rc3 $132) 34... a2 35. Rf8+ Rxf8 36. Qxa6 Qe6 $19) 27. Rxa4 Rxa4
28. Nxa4 Qc7 (28... Rc8 29. Nb6 Rc7 30. Nc4 $16) 29. Nb6 Rd8 30. Qe4 (30. Qa4
$16) 30... h5 (30... Bb3 31. Qb4 (31. Qxc6 Qxc6 32. Bxc6 Ne6 $11) 31... Be6 32.
Qa4 $16) 31. h3 (31. Qxc6 Qxc6 32. Bxc6 Rd2 33. Be4 $16) 31... Bb3 32. Nc4 (32.
Qxc6 Qxc6 33. Bxc6 Ne6 34. Rc1 Nd4 35. Bf3 Nxf3+ 36. gxf3 Rb8 37. Kg2 $16)
32... Bxc4 33. Qxc4+ Kf8 34. Qc3 (34. Qa6 Rc8 35. Qd3 Kf7 (35... f5 36. Qd4 $16
) 36. Bd1 $16) 34... Kf7 35. Qc4+ Kf8 36. Qc3 Kf7 37. Bd1 $6 $14 Nf5 38. Bb3+ (
38. Bc2 Nd4 39. Bb1 $14) 38... Kg7 39. Bc2 Nd4 40. Bd3 Rd7 (40... Rd5 41. Re4 (
41. Bc4 Re5 42. Rxe5 Qxe5 $11) 41... Nf5 $14 (41... Qd7 42. Bc4 Nb5 43. Qe3
Rd1+ 44. Bf1 Kf7 45. Qh6 $16)) 41. Re8 Rd8 42. Qe1 Rxe8 43. Qxe8 Qf7 (43... f5
$14) 44. Qa8 $2 (44. Qe4 Nb3 45. Qxc6 Qe7 46. Qd6 Qe1+ 47. Kh2 (47. Bf1 Nd2 48.
Qd3 Qc1 $11) 47... Qxf2 48. c6 Nd4 $44) 44... Nb3 $2 (44... Qe7 $1 $15) 45.
Qxc6 Qe7 46. Qd6 Qxd6 $6 (46... Qe1+ 47. Kh2 Qxf2 $11) 47. cxd6 Nc5 48. h4 Kf7
49. Bb1 (49. Bc4+ Ke8 $44) 49... g5 $4 $18 (49... f5 50. Ba2+ Ke8 51. Bc4 Ne4
52. d7+ Kxd7 53. Bf7 g5 54. hxg5 Nxg5 55. Bxh5 Ke6 $44) 50. g4 $1 hxg4 (50...
gxh4 51. gxh5 $18) 51. h5 Kg7 (51... Nb7 52. d7 Ke7 53. h6 Nd8 54. h7 Nf7 55.
Bf5 $18) 52. Bf5 Kh6 53. Bxg4 f5 54. Bxf5 Kxh5 55. d7 Nb7 56. Kg2 Kh6 (56...
Kh4 57. Kf3 Nd8 58. Ke4 g4 59. Kf4 $18) 57. Kf3 Kg7 58. Ke4 Kf6 59. Bg4 Nd8 60.
Kd5 Ke7 61. Bh3 (61. Ke5 Nc6+) 61... Nf7 (61... Nb7 62. Kc6 Nd8+ 63. Kc7 Nf7
64. Bg2 $22 $18) 62. Bg4 Nd8 63. Bh3 Nf7 64. Kc6 Kd8 (64... Ne5+ 65. Kc7 Nf7 (
65... Nxd7 66. Bxd7 Kf6 67. Kd6 $18) 66. Bg2 $18) 65. Bf5 Ne5+ 66. Kd5 Nf3 67.
Ke6 Nd2 (67... Nd4+ 68. Kf6 (68. Ke5 Nf3+ 69. Kf6 $18) 68... Nf3 (68... Nxf5
69. Kxf5 Kxd7 70. Kxg5 $18) 69. Kg6 Ke7 70. Kh5 $18) 68. Kf7 Nf3 69. Kf6 Nd4
70. Kxg5 Ke7 71. Bg4 Nc6 72. f4 Nd8 73. Kg6 Nb7 74. Bh3 Nd6 75. Be6 Nb7 76. f5
Nd8 77. Kg7 Nb7 78. f6+ 1-0